| 000 | 00579ntaaa2200205 4500 | ||
|---|---|---|---|
| 003 | 01 | ||
| 005 | 20251027201835.0 | ||
| 008 | 0714s1973 ag 01 | ||
| 040 |
_aAR-BaBN _bspa _cAR-BaBN _eaacr _dRIC |
||
| 082 | _a244.1000 C15 | ||
| 100 |
_aCampderrós, B. Vila _916857 |
||
| 245 | _aMi buen pastor | ||
| 250 | _a1 ed. | ||
| 260 |
_as.l. : _bInstituto Bíblico Moody, _cs.f. |
||
| 300 | _a157 p | ||
| 500 | _aLa vida y las obras de Jesús y algunas enseñanzas de Jesús | ||
| 650 |
_ahistorias bíblicas-niños _914732 |
||
| 650 |
_aJesucristo-historias _916858 |
||
| 942 | _cBK | ||
| 999 |
_c13088 _d13088 |
||